Movies Quiz

Random Movies or Clickable Quiz
Score 0/25 Timer 05:00
0 Plays Today
% Correct
Karate Kid
95.3%
Scarface
94.5%
A Nightmare on Elm Street
94.2%
Gremlins
94%
The Shining
93.4%
Raiders of the Lost Ark
92.6%
Ghostbusters
92.3%
Blue Lagoon
92%
The Goonies
91.5%
Top Gun
90.9%
The Breakfast Club
90.7%
Airplane!
89.6%
Return of the Jedi
89.3%
% Correct
Back to the Future
89%
Aliens
88.7%
The Princess Bride
88.5%
Ferris Bueller's Day Off
87.6%
Escape from New York
87.1%
Full Metal Jacket
86.5%
The Outsiders
83.2%
Sixteen Candles
83.2%
Stand By Me
77.7%
Weird Science
77.7%
Blade Runner
74.5%
The Empire Strikes Back
65.9%
Remove Ads.
Support Sporcle.
Get the best of Sporcle when you Go Orange. This ad-free experience offers more features, more stats, and more fun while also helping to support Sporcle. Thank you for becoming a member.

You're not logged in!

Compare scores with friends on all Sporcle quizzes.
OR
Log In

Show Comments

Extras

Top Quizzes Today


Score Distribution

Your Account Isn't Verified!

In order to create a playlist on Sporcle, you need to verify the email address you used during registration. Go to your Sporcle Settings to finish the process.

Report this User

Report this user for behavior that violates our Community Guidelines.

Details: